000 00599nam a2200169Ia 4500
003 SGT
020 _a9780070667563
082 _a621.3822
_bMIT
100 _aMitra,Sanjit K
245 _aDigital signal processing : a computer-based approach
250 _a3rd . . Ed.
260 _bTata McGraw Hill Education Private Limited
_aNew Delhi
_c2012
300 _a916p.
650 _aELECTRONICS ENGINEERING
653 _aSIGNALS AND SIGNAL PROCESSING,DISCRETE-TIME SIGNALS AND SYSTEMS,DISCRETE-TIME FOURIER TRANSFORM,DSP ALGORITHM IMPLEMENATION,ANALYSIS OF FINITE WORD LENGTH EFFECTS
942 _2ddc
_cBK
999 _c5531
_d5531